<?xml version="1.0" encoding="UTF-8"?>
<record
    xmlns:xsi="http://www.w3.org/2001/XMLSchema-instance"
    xsi:schemaLocation="http://www.loc.gov/MARC21/slim http://www.loc.gov/standards/marcxml/schema/MARC21slim.xsd"
    xmlns="http://www.loc.gov/MARC21/slim">

  <leader>02106cam a2200349 i 4500</leader>
  <controlfield tag="001">9952867795505158</controlfield>
  <controlfield tag="005">20250321123214.0</controlfield>
  <controlfield tag="008">230224r20232022enka          000 f eng d</controlfield>
  <datafield tag="015" ind1=" " ind2=" ">
    <subfield code="a">GBC369678</subfield>
    <subfield code="2">bnb</subfield>
  </datafield>
  <datafield tag="016" ind1="7" ind2=" ">
    <subfield code="a">021015609</subfield>
    <subfield code="2">Uk</subfield>
  </datafield>
  <datafield tag="020" ind1=" " ind2=" ">
    <subfield code="a">9781529061512</subfield>
    <subfield code="q">paperback</subfield>
  </datafield>
  <datafield tag="035" ind1=" " ind2=" ">
    <subfield code="a">(OCoLC)1376270200</subfield>
  </datafield>
  <datafield tag="035" ind1=" " ind2=" ">
    <subfield code="a">(EXLNZ-01OCUL_NETWORK)994167760705151</subfield>
  </datafield>
  <datafield tag="040" ind1=" " ind2=" ">
    <subfield code="a">UKMGB</subfield>
    <subfield code="b">eng</subfield>
    <subfield code="e">rda</subfield>
    <subfield code="c">UKMGB</subfield>
    <subfield code="d">OCLCF</subfield>
    <subfield code="d">OCLCQ</subfield>
    <subfield code="d">OCLCO</subfield>
    <subfield code="d">UKRFW</subfield>
    <subfield code="d">UKNYK</subfield>
    <subfield code="d">BARNS</subfield>
    <subfield code="d">Q2U</subfield>
  </datafield>
  <datafield tag="050" ind1=" " ind2="4">
    <subfield code="a">PR6108.A9686</subfield>
  </datafield>
  <datafield tag="100" ind1=" " ind2=" ">
    <subfield code="a">Haynes, Natalie,</subfield>
    <subfield code="e">author.</subfield>
    <subfield code="9">24961</subfield>
  </datafield>
  <datafield tag="245" ind1="1" ind2="0">
    <subfield code="a">Stone blind </subfield>
    <subfield code="c">/ Natalie Haynes.</subfield>
  </datafield>
  <datafield tag="264" ind1=" " ind2="1">
    <subfield code="a">London :</subfield>
    <subfield code="b">Picador,</subfield>
    <subfield code="c">2023.</subfield>
  </datafield>
  <datafield tag="300" ind1=" " ind2=" ">
    <subfield code="a">368 pages :</subfield>
    <subfield code="b">illustrations ;</subfield>
    <subfield code="c">20 cm</subfield>
  </datafield>
  <datafield tag="500" ind1=" " ind2=" ">
    <subfield code="a">Originally published: London: Mantle, 2022.</subfield>
  </datafield>
  <datafield tag="520" ind1="8" ind2=" ">
    <subfield code="a">Growing up with her sisters, Medusa quickly realises that she is the only one who gets older, experiences change, feels weakness. Her mortal lifespan gives her an urgency that her family will never know. When, in Athene's temple, desire pushes Poseidon to commit the unforgivable, Medusa's mortal life is changed forever. Athene, furious at the sacrilege committed, directs her revenge on Medusa. The punishment is that she is turned into a Gorgon: sharp teeth, snakes for hair, and a gaze that will turn any living creature to stone. Appalled by her own reflection, Medusa can no longer look upon anything she loves without destroying it. She condemns herself to a life of solitude in the shadows to limit her murderous range. That is, until Perseus embarks upon a fateful quest to fetch the head of a Gorgon. This is the story of how a young woman became a monster. And how she was never really a monster at all.</subfield>
  </datafield>
  <datafield tag="600" ind1=" " ind2="0">
    <subfield code="a">Medusa</subfield>
    <subfield code="c">(Gorgon)</subfield>
    <subfield code="v">Fiction.</subfield>
  </datafield>
  <datafield tag="650" ind1=" " ind2="0">
    <subfield code="a">Greece.</subfield>
    <subfield code="2">thema</subfield>
    <subfield code="9">24963</subfield>
  </datafield>
  <datafield tag="650" ind1=" " ind2="0">
    <subfield code="a">BCE period - Protohistory.</subfield>
    <subfield code="2">thema</subfield>
    <subfield code="9">24964</subfield>
  </datafield>
  <datafield tag="650" ind1=" " ind2="0">
    <subfield code="a">Fantasy</subfield>
    <subfield code="2">thema</subfield>
    <subfield code="9">11322</subfield>
  </datafield>
  <datafield tag="650" ind1=" " ind2="0">
    <subfield code="a">Myth &amp; legend told as fiction.</subfield>
    <subfield code="2">thema</subfield>
    <subfield code="9">24965</subfield>
  </datafield>
  <datafield tag="650" ind1=" " ind2="0">
    <subfield code="a">Historical fiction</subfield>
    <subfield code="2">thema</subfield>
    <subfield code="9">7788</subfield>
  </datafield>
  <datafield tag="655" ind1=" " ind2="0">
    <subfield code="a">Fantasy fiction.</subfield>
    <subfield code="9">22510</subfield>
  </datafield>
  <datafield tag="655" ind1=" " ind2="0">
    <subfield code="a">Myth &amp; legend told as fiction.</subfield>
    <subfield code="2">thema</subfield>
    <subfield code="9">24966</subfield>
  </datafield>
  <datafield tag="655" ind1=" " ind2="0">
    <subfield code="a">Historical fiction</subfield>
    <subfield code="2">thema</subfield>
    <subfield code="9">22722</subfield>
  </datafield>
  <datafield tag="942" ind1=" " ind2=" ">
    <subfield code="2">lcc</subfield>
  </datafield>
  <datafield tag="952" ind1=" " ind2=" ">
    <subfield code="0">0</subfield>
    <subfield code="1">0</subfield>
    <subfield code="2">lcc</subfield>
    <subfield code="4">0</subfield>
    <subfield code="7">0</subfield>
    <subfield code="a">TBS</subfield>
    <subfield code="b">TBS</subfield>
    <subfield code="d">2025-03-21</subfield>
    <subfield code="l">1</subfield>
    <subfield code="o">P-EN HAY</subfield>
    <subfield code="p">B05879</subfield>
    <subfield code="r">2025-11-14</subfield>
    <subfield code="s">2025-06-17</subfield>
    <subfield code="t">1</subfield>
    <subfield code="w">2025-03-21</subfield>
    <subfield code="y">1</subfield>
  </datafield>
  <datafield tag="999" ind1=" " ind2=" ">
    <subfield code="c">4556</subfield>
    <subfield code="d">4556</subfield>
  </datafield>
</record>
